| 000 | 00722nam a2200253 i 4500 | ||
|---|---|---|---|
| 001 | bg | ||
| 100 | 1 | _aMIK, Cezary | |
| 245 | 1 | 0 |
_aEuropejskie prawo wspólnotowe : _bzagadnienia teorii i praktyki.T. / _cCezary Mik _n1. |
| 260 |
_aWarszawa : _bC. H. Beck, _c2000. |
||
| 300 |
_aLIX, [1], 831 s. ; _c23 cm. |
||
| 490 | 1 | _aStudia Prawnicze | |
| 504 | _aBibliogr. - Indeks. | ||
| 650 | 9 | _aPrawo wspólnotowe europejskie | |
| 655 | _aPodręczniki | ||
| 830 | _aStudia Prawnicze | ||
| 020 | _a8371105991 | ||
| 040 | _cBPK | ||
| 041 | 0 | _apl | |
| 080 | _a341.12(4-67)(07) | ||
| 920 | _a83-7110-599-1 | ||
| 942 | _cKS | ||
| 008 | s pl f |000 0 pol | ||
| 999 |
_c40339 _d40339 |
||
| 856 |
_uhttp://koha.tu.koszalin.pl/cgi-bin/koha/opac-detail.pl?biblionumber=40339 _yKatalog online BPK |
||